000 00771nam a22001817a 4500
999 _c63604
_d63604
003 Ge_BSU
005 20251113203817.0
008 251113s1972 ge ||||| |||| 00| 0 geo d
041 _ageo
080 _a908(479.24) შ-26
100 _aშარიქაძე, ს.
_926224
245 _aსაბჭოთა აზერბაიჯანი /
_cს. შარიქაძე.
264 _aთბილისი :
_bსაბჭ. საქართველო,
_c1972.
300 _a66 გვ. ;
_b16 სმ.
490 _aთავისუფალ ერთა მძლე კავშირი ძმური
653 _aკომუნისტური მშენებლობა აზერბაიჯანში
942 _2udc
_cᲬᲘᲒᲜᲘ